| 000 | 01073cab a2200325 4500 | ||
|---|---|---|---|
| 001 | ABS51915 | ||
| 008 | 090401t1994 xxu||||| |||| 00| 0 eng d | ||
| 035 | _a(Sirsi) u50515 | ||
| 041 | _aeng | ||
| 245 | _aFocus `94: the public sector | ||
| 260 | _c1994 | ||
| 350 | _a0 | ||
| 490 |
_aEstates Gazette _v(9448) 3 December 1994, 103-115(9) |
||
| 520 | _aExamines the role of English Partnerships and Property Holdings, discusses the expansion of educational institutions` property portfolios and explains what the restructuring of the National Health Service means for the NHS estate. | ||
| 650 | _aBUILDING PROCUREMENT | ||
| 650 | _aCOLLEGES | ||
| 650 | _aDEREGULATION | ||
| 650 | _aEDUCATION SECTOR | ||
| 650 | _aEDUCATIONAL INSTITUTIONS | ||
| 650 | _aENGLISH PARTNERSHIPS | ||
| 650 | _aHEALTH SECTOR | ||
| 650 | _aNATIONAL HEALTH SERVICE | ||
| 650 | _aNHS ESTATE | ||
| 650 | _aPROPERTY HOLDINGS | ||
| 650 |
_aProperty management _96262 |
||
| 650 | _aUNIVERSITIES | ||
| 690 | _aPROPERTY-COMMERCIAL PROPERTY | ||
| 942 | _n0 | ||
| 948 | _c04/03/1997 | ||
| 999 |
_c31525 _d31525 |
||